00992 2200205 4500001002100000005001500021035002000036245017200056100001600228250001700244300003100261700002000292700001800312260003100330082000800361084001400369020002200383650001400405520036700419INLIS00000000000013620240508083808 a0010-05240000581 aBupena Buku Penilaian Tema Benda, Hewan, Tanaman, di Sekitarku serta Tema PEristiwa Alam :bJilid 1D untuk SD/MI Kelas I /cIrine M.J.A; Wini Kristianti; Dhesy Adhalia0 aIrine M.J.A acetakan ke-1 aviii, 208 :bilus ;c26 cm0 aWini Kristianti0 aDhesy Adhalia aJakarta :bErlangga,c2016 a500 a500 IRI b a978-602-298-851-9 4aPengayaan aBupena disajikan untuk membantu siswa menerapkan proses pembelajaran secara tuntas berdasarkan Kurikulum 2013 (Revisi 2016). Pendalaman materi untuk mempertajam pemahaman siswa terhadap materi yang sedang dipelajari. Penilaian pengetahuan disajikan dalam tes tertulis, tes lisan, dan penugasan. Penilaian keterampilan dan sikap disajikan dalam kegiatan.